[Event "Cali Primer Valle"]
[Site "Cali"]
[Date "2012.02.11"]
[Round "4.1"]
[White "Bellaiza Moreno, Carlos Arturo"]
[Black "Munoz, Mauricio"]
[Result "0-1"]
[WhiteElo "1600"]
[BlackElo "1655"]
[PlyCount "37"]
[EventDate "2012.02.10"]
[EventType "swiss"]
[EventRounds "7"]
[EventCountry "COL"]
[SourceTitle "EXT 2024"]
[Source "ChessBase"]
[SourceDate "2023.10.10"]
[SourceVersion "1"]
[SourceVersionDate "2023.10.10"]
[SourceQuality "1"]

1. d4 d5 2. c4 Nf6 3. Bg5 Bf5 4. Nf3 c6 5. e3 e6 6. Nc3 Be7 7. Nh4 Bg6 8. Nxg6 hxg6 9. Bd3 Nbd7 10. Qc2 Qc7 11. h4 e5 12. dxe5 Nxe5 13. Bf4 Nxd3+ 14. Qxd3 Qb6 15. Bg3 dxc4 16. Qxc4 Rd8 17. h5 Qxb2 18. 0-0 Ne4 19. Nxe4 0-1